[Event "XIX. DBMM Schach"]
[Site "Billerbeck"]
[Date "2019.09.06"]
[Round "3.1"]
[White "Decker, Ingo"]
[Black "Brendemuehl, Bernd"]
[Result "0-1"]
[WhiteElo "1678"]
[BlackElo "1905"]
[Annotator "br"]
[PlyCount "92"]
[EventDate "2019.09.??"]
[EventType "team-swiss"]
[EventRounds "7"]
[EventCountry "GER"]
[SourceTitle "XIX. DBMM 2019"]
[Source "FV Schach e.V."]
[SourceDate "2019.09.09"]
[SourceVersion "4"]
[SourceVersionDate "2019.10.16"]
[SourceQuality "1"]
[WhiteTeam "SG Airbus Bremen"]
[BlackTeam "Europaeisches Patentamt Muenchen"]
[WhiteTeamCountry "GER"]
[BlackTeamCountry "GER"]

1. e4 c5 2. f4 Nc6 3. Nf3 d6 4. Bc4 e6 5. a3 Nf6 6. d3 Be7 7. O-O d5 8. exd5
exd5 9. Bb5 O-O 10. c3 d4 11. Bxc6 bxc6 12. c4 Bd6 13. Ne5 Qc7 14. Qf3 Bb7 15.
Ng4 Nxg4 16. Qxg4 f5 17. Qg3 Rae8 18. b4 Re2 19. bxc5 Bxc5 20. Nd2 Bb6 21. Nf3
c5 22. Rb1 Rfe8 23. Rf2 Bxf3 24. Qxf3 Qe7 25. Rxe2 Qxe2 26. Qxe2 Rxe2 27. Kf1
Rc2 28. Bb2 Rd2 29. Bc1 Rxd3 30. Ke2 Rc3 31. Bb2 Rc2+ 32. Kf3 Rxc4 33. Rc1 Rxc1
34. Bxc1 Kf7 35. g4 fxg4+ 36. Ke4 h5 37. Bd2 Kf6 38. a4 c4 39. Be1 g5 40. fxg5+
Kxg5 41. a5 Bc7 42. Kxd4 Bxh2 43. Bf2 Bc7 44. Kxc4 Bxa5 45. Bxa7 Kf4 46. Kd3
Kf3 0-1

[Event "XIX. DBMM Schach"]
[Site "Billerbeck"]
[Date "2019.09.06"]
[Round "3.2"]
[White "Bumes, Konrad"]
[Black "Jacobsen, Ruediger"]
[Result "1-0"]
[WhiteElo "1936"]
[BlackElo "1433"]
[Annotator "br"]
[PlyCount "49"]
[EventDate "2019.09.??"]
[EventType "team-swiss"]
[EventRounds "7"]
[EventCountry "GER"]
[SourceTitle "XIX. DBMM 2019"]
[Source "FV Schach e.V."]
[SourceDate "2019.09.09"]
[SourceVersion "4"]
[SourceVersionDate "2019.10.16"]
[SourceQuality "1"]
[WhiteTeam "Europaeisches Patentamt Muenchen"]
[BlackTeam "SG Airbus Bremen"]
[WhiteTeamCountry "GER"]
[BlackTeamCountry "GER"]

1. d4 Nf6 2. Nf3 g6 3. c4 Bg7 4. Nc3 O-O 5. e4 d6 6. Be2 c5 7. d5 a6 8. O-O e6
9. Re1 Qc7 10. h3 Nfd7 11. Qc2 Ne5 12. Nxe5 Bxe5 13. Bh6 Bg7 14. Bxg7 Kxg7 15.
dxe6 fxe6 16. Bf1 Nc6 17. Ne2 Qf7 18. f3 e5 19. Red1 Bxh3 20. gxh3 Qxf3 21. Bg2
Qf2+ 22. Kh1 Nd4 23. Nxd4 Qxc2 24. Nxc2 Rf2 25. Rac1 1-0

[Event "XIX. DBMM Schach"]
[Site "Billerbeck"]
[Date "2019.09.06"]
[Round "3.3"]
[White "Mikoteit, Siegfried"]
[Black "Lange, Ronny"]
[Result "0-1"]
[WhiteElo "1314"]
[BlackElo "1800"]
[Annotator "br"]
[PlyCount "60"]
[EventDate "2019.09.??"]
[EventType "team-swiss"]
[EventRounds "7"]
[EventCountry "GER"]
[SourceTitle "XIX. DBMM 2019"]
[Source "FV Schach e.V."]
[SourceDate "2019.09.09"]
[SourceVersion "4"]
[SourceVersionDate "2019.10.16"]
[SourceQuality "1"]
[WhiteTeam "SG Airbus Bremen"]
[BlackTeam "Europaeisches Patentamt Muenchen"]
[WhiteTeamCountry "GER"]
[BlackTeamCountry "GER"]

1. e4 c5 2. Nf3 d6 3. d4 cxd4 4. Nxd4 Nf6 5. Nc3 a6 6. a4 e6 7. Bc4 Qc7 8. Bb3
Nc6 9. O-O Be7 10. Bf4 Nxd4 11. Qxd4 e5 12. Bxe5 dxe5 13. Qc4 Qxc4 14. Bxc4 Bd7
15. Bd3 O-O 16. h3 Rac8 17. Ne2 Bc6 18. f3 Nh5 19. g3 Rfd8 20. Kg2 Nf6 21. b3
Nd7 22. c4 Nc5 23. Bc2 Rd2 24. Bd1 Nxb3 25. Bxb3 Rxe2+ 26. Kh1 Rd8 27. Rae1
Rxe1 28. Rxe1 Rd3 29. Bd1 Ra3 30. a5 Rxa5 0-1

[Event "XIX. DBMM Schach"]
[Site "Billerbeck"]
[Date "2019.09.06"]
[Round "3.4"]
[White "Santos, Paulo"]
[Black "Waltz, Juergen"]
[Result "1-0"]
[WhiteElo "1776"]
[BlackElo "1400"]
[Annotator "br"]
[PlyCount "63"]
[EventDate "2019.09.??"]
[EventType "team-swiss"]
[EventRounds "7"]
[EventCountry "GER"]
[SourceTitle "XIX. DBMM 2019"]
[Source "FV Schach e.V."]
[SourceDate "2019.09.09"]
[SourceVersion "4"]
[SourceVersionDate "2019.10.16"]
[SourceQuality "1"]
[WhiteTeam "Europaeisches Patentamt Muenchen"]
[BlackTeam "SG Airbus Bremen"]
[WhiteTeamCountry "GER"]
[BlackTeamCountry "GER"]

1. e4 c5 2. Nc3 Nc6 3. g3 g6 4. Bg2 Bg7 5. d3 e6 6. Be3 Bd4 7. Bxd4 Nxd4 8. f4
f5 9. Nf3 a6 10. O-O d6 11. Ne2 Qb6 12. Nexd4 cxd4 13. Rb1 Nf6 14. exf5 Nd5 15.
Qe2 Ne3 16. Rfe1 gxf5 17. Qf2 Qc5 18. Nxd4 Nxg2 19. Kxg2 Qd5+ 20. Kg1 b5 21.
Kf1 Kf7 22. Qf3 Qxf3+ 23. Nxf3 Bb7 24. Ng5+ Kf6 25. Rxe6+ Kg7 26. Re7+ Kf6 27.
Rxb7 h6 28. Nf3 Rhe8 29. Re1 Rxe1+ 30. Kxe1 Re8+ 31. Kf2 Rc8 32. c3 1-0

[Event "XIX. DBMM Schach"]
[Site "Billerbeck"]
[Date "2019.09.06"]
[Round "3.1"]
[White "Limbourg, Philipp"]
[Black "Floeter, Volker"]
[Result "1-0"]
[WhiteElo "2224"]
[BlackElo "1655"]
[Annotator "br"]
[PlyCount "33"]
[EventDate "2019.09.??"]
[EventType "team-swiss"]
[EventRounds "7"]
[EventCountry "GER"]
[SourceTitle "XIX. DBMM 2019"]
[Source "FV Schach e.V."]
[SourceDate "2019.09.09"]
[SourceVersion "4"]
[SourceVersionDate "2019.10.16"]
[SourceQuality "1"]
[WhiteTeam "RWE AG Essen"]
[BlackTeam "abatec Billerbeck"]
[WhiteTeamCountry "GER"]
[BlackTeamCountry "GER"]

1. e4 Nc6 2. Nc3 e5 3. Bc4 Bc5 4. d3 Nf6 5. f4 d6 6. Nf3 Nd4 7. fxe5 dxe5 8.
Bg5 c6 9. Nxe5 Rf8 10. Rf1 Qc7 11. Bxf6 gxf6 12. Nf3 Bg4 13. Qd2 O-O-O 14. Nxd4
Bxd4 15. Qf4 Qd7 16. h3 Be5 $11 17. Qxg4 1-0

[Event "XIX. DBMM Schach"]
[Site "Billerbeck"]
[Date "2019.09.06"]
[Round "3.2"]
[White "Stegemann, Sven"]
[Black "Eggenstein, Frank"]
[Result "1/2-1/2"]
[WhiteElo "1586"]
[BlackElo "1995"]
[Annotator "sst"]
[PlyCount "88"]
[EventDate "2019.09.??"]
[EventType "team-swiss"]
[EventRounds "7"]
[EventCountry "GER"]
[SourceTitle "XIX. DBMM 2019"]
[Source "FV Schach e.V."]
[SourceDate "2019.09.09"]
[SourceVersion "4"]
[SourceVersionDate "2019.10.16"]
[SourceQuality "1"]
[WhiteTeam "abatec Billerbeck"]
[BlackTeam "RWE AG Essen"]
[WhiteTeamCountry "GER"]
[BlackTeamCountry "GER"]

1. e4 e6 2. d4 d5 3. Nd2 c5 4. Ngf3 cxd4 5. Nxd4 Nc6 6. Bb5 Bd7 7. Nxc6 Bxc6 8.
Bxc6+ bxc6 9. c4 d4 10. Nf3 Bb4+ 11. Ke2 c5 12. a3 Ba5 13. b4 Bc7 14. Qa4+ Qd7
15. Qxd7+ Kxd7 16. b5 e5 17. a4 f5 18. Nd2 g6 19. Ba3 Bd6 20. f3 Nf6 21. h3 h5
22. Kd3 h4 23. Rhb1 Nh5 24. Nb3 Rac8 25. a5 Nf4+ 26. Kd2 Nxg2 27. b6 axb6 28.
axb6 Nf4 29. b7 Rb8 30. Bxc5 Rxb7 31. Ra6 Be7 32. Bb6 fxe4 33. fxe4 Bb4+ 34.
Kd1 Rc8 35. c5 Rc6 36. Nxd4 exd4 37. Rxb4 Ke6 38. Bd8 Rxb4 39. Rxc6+ Ke5 40.
Bc7+ Kxe4 41. Bxf4 Kxf4 42. Rxg6 Ke3 43. Rg4 Kd3 44. Ke1 Ke3 1/2-1/2

[Event "XIX. DBMM Schach"]
[Site "Billerbeck"]
[Date "2019.09.06"]
[Round "3.3"]
[White "Kuerschners, Stefan"]
[Black "Broeker, Martin"]
[Result "1-0"]
[WhiteElo "1974"]
[BlackElo "1553"]
[Annotator "br"]
[PlyCount "69"]
[EventDate "2019.09.??"]
[EventType "team-swiss"]
[EventRounds "7"]
[EventCountry "GER"]
[SourceTitle "XIX. DBMM 2019"]
[Source "FV Schach e.V."]
[SourceDate "2019.09.09"]
[SourceVersion "4"]
[SourceVersionDate "2019.10.16"]
[SourceQuality "1"]
[WhiteTeam "RWE AG Essen"]
[BlackTeam "abatec Billerbeck"]
[WhiteTeamCountry "GER"]
[BlackTeamCountry "GER"]

1. e4 c6 2. d4 d5 3. Nd2 dxe4 4. Nxe4 Bf5 5. Ng3 Bg6 6. h4 h5 7. N1e2 e6 8. Nf4
Ne7 9. Be2 Nd7 10. Nfxh5 Bxh5 11. Nxh5 g6 12. Ng3 Nf6 13. Bg5 Bg7 14. Qd2 Qb6
15. O-O-O O-O-O 16. Bc4 Ne4 17. Nxe4 Rxd4 18. Qe2 Rxe4 19. Qxe4 Bxb2+ 20. Kd2
Qxf2+ 21. Qe2 Rd8+ 22. Bd3 Rxd3+ 23. cxd3 Bc3+ 24. Kxc3 Qxe2 25. Bxe7 b5 26.
Rd2 Qe5+ 27. d4 Qd5 28. Rhd1 a5 29. Kb2 b4 30. Rc1 Kb7 31. Rc5 Qe4 32. Re5 Qf4
33. Bg5 Qg3 34. Re3 Qe1 35. Rxe1 1-0

[Event "XIX. DBMM Schach"]
[Site "Billerbeck"]
[Date "2019.09.06"]
[Round "3.4"]
[White "Bechtloff, Horst"]
[Black "Broszeit, Peter"]
[Result "0-1"]
[WhiteElo "1545"]
[BlackElo "1943"]
[Annotator "br"]
[PlyCount "76"]
[EventDate "2019.09.??"]
[EventType "team-swiss"]
[EventRounds "7"]
[EventCountry "GER"]
[SourceTitle "XIX. DBMM 2019"]
[Source "FV Schach e.V."]
[SourceDate "2019.09.09"]
[SourceVersion "4"]
[SourceVersionDate "2019.10.16"]
[SourceQuality "1"]
[WhiteTeam "abatec Billerbeck"]
[BlackTeam "RWE AG Essen"]
[WhiteTeamCountry "GER"]
[BlackTeamCountry "GER"]

1. d4 Nf6 2. Nf3 c5 3. e3 d5 4. c4 e6 5. Nc3 cxd4 6. Nxd4 Be7 7. Qc2 Nc6 8.
Nxc6 bxc6 9. cxd5 cxd5 10. Bb5+ Bd7 11. Bxd7+ Qxd7 12. Qa4 Rb8 13. Qxd7+ Kxd7
14. a3 Rb3 15. f3 Rhb8 16. Ke2 Bd6 17. Rd1 Ke7 18. g3 Nd7 19. e4 dxe4 20. Nxe4
Be5 21. Rxd7+ Kxd7 22. Nc5+ Kc6 23. Nxb3 Rxb3 24. f4 Bf6 25. Kd1 Kb5 26. a4+
Kc4 27. Kc2 Rf3 28. Bd2 Rf2 29. b3+ Kd5 30. Rh1 a6 31. g4 e5 32. fxe5 Bg5 33.
Rd1 Rxh2 34. Kc1 Rxd2 35. Rxd2+ Kxe5 36. Kc2 Bxd2 37. Kxd2 Kd4 38. a5 h6 0-1

[Event "XIX. DBMM Schach"]
[Site "Billerbeck"]
[Date "2019.09.06"]
[Round "3.1"]
[White "Koscielski, Janusz"]
[Black "Roitburd, Swetlana"]
[Result "1-0"]
[WhiteElo "2270"]
[BlackElo "1699"]
[Annotator "br"]
[PlyCount "109"]
[EventDate "2019.09.??"]
[EventType "team-swiss"]
[EventRounds "7"]
[EventCountry "GER"]
[SourceTitle "XIX. DBMM 2019"]
[Source "FV Schach e.V."]
[SourceDate "2019.09.09"]
[SourceVersion "4"]
[SourceVersionDate "2019.10.16"]
[SourceQuality "1"]
[WhiteTeam "EKJ Herne und Wanne-Eickel"]
[BlackTeam "Vodafone Duesseldorf II"]
[WhiteTeamCountry "GER"]
[BlackTeamCountry "GER"]

1. e4 c6 2. d4 d5 3. Nc3 dxe4 4. Nxe4 Bf5 5. Ng3 Bg6 6. Nf3 Nf6 7. h4 h6 8. h5
Bh7 9. Bd3 Bxd3 10. Qxd3 Nbd7 11. Bd2 e6 12. Qe2 Be7 13. O-O-O O-O 14. Ne5 Qe8
15. Rhe1 c5 16. Nxd7 Qxd7 17. dxc5 Qa4 18. Kb1 Bxc5 19. Bc3 Nd5 20. Ne4 Nxc3+
21. Nxc3 Qf4 22. Ne4 Bb6 23. g3 Qc7 24. f3 Rac8 25. Rd3 Rfd8 26. Red1 Rxd3 27.
Rxd3 Qe7 28. a3 a6 29. g4 Bc7 30. Qd1 Rd8 31. Rxd8+ Bxd8 32. Qd4 Qc7 33. Qd6
Qxd6 34. Nxd6 b5 35. Ne4 Kf8 36. Kc1 Ke7 37. Kd2 Bb6 38. f4 Bc7 39. f5 e5 40.
b3 f6 41. Nc5 a5 42. Ne6 Bd6 43. a4 b4 44. Nxg7 Bc5 45. Ne6 Bb6 46. Kd3 Kd6 47.
Ke4 Ba7 48. g5 fxg5 49. Nxg5 Ke7 50. Nf3 Kf6 51. Nxe5 Kg5 52. Nd7 Kxh5 53. Ke5
Bf2 54. f6 Kg6 55. Ke6 1-0

[Event "XIX. DBMM Schach"]
[Site "Billerbeck"]
[Date "2019.09.06"]
[Round "3.2"]
[White "Baader, Matthieu"]
[Black "Hortolani, Sven Holger"]
[Result "1/2-1/2"]
[WhiteElo "1420"]
[BlackElo "2135"]
[Annotator "br"]
[PlyCount "73"]
[EventDate "2019.09.??"]
[EventType "team-swiss"]
[EventRounds "7"]
[EventCountry "GER"]
[SourceTitle "XIX. DBMM 2019"]
[Source "FV Schach e.V."]
[SourceDate "2019.09.09"]
[SourceVersion "4"]
[SourceVersionDate "2019.10.16"]
[SourceQuality "1"]
[WhiteTeam "Vodafone Duesseldorf II"]
[BlackTeam "EKJ Herne und Wanne-Eickel"]
[WhiteTeamCountry "GER"]
[BlackTeamCountry "GER"]

1. c4 e5 2. Nc3 Nc6 3. d3 f5 4. e4 d6 5. f4 Nf6 6. Nf3 Be7 7. Be2 O-O 8. O-O
fxe4 9. dxe4 Bg4 10. h3 Bxf3 11. Bxf3 Nd4 12. Be3 Nxf3+ 13. Rxf3 exf4 14. Rxf4
c6 15. Qf3 Qa5 16. Rf1 Nd7 17. Qg4 Nf6 18. Qe6+ Rf7 19. Bd4 Raf8 20. Rf5 Qc7
21. e5 dxe5 22. Bxe5 Qd7 23. Qxd7 Nxd7 24. Rxf7 Rxf7 25. Bd4 b6 26. Rxf7 Kxf7
27. Kf2 c5 28. Be3 Bf6 29. Bd2 Ne5 30. b3 Ke6 31. Ke2 Nc6 32. Nd5 Be5 33. Kf3
Nd4+ 34. Ke4 Nf5 35. Bf4 Nd6+ 36. Kf3 Ne8 37. Bxe5 1/2-1/2

[Event "XIX. DBMM Schach"]
[Site "Billerbeck"]
[Date "2019.09.06"]
[Round "3.1"]
[White "Piepenburg, Rolf"]
[Black "Hufnagel, Markus"]
[Result "1-0"]
[WhiteElo "1995"]
[BlackElo "1679"]
[Annotator "br"]
[PlyCount "69"]
[EventDate "2019.09.??"]
[EventType "team-swiss"]
[EventRounds "7"]
[EventCountry "GER"]
[SourceTitle "XIX. DBMM 2019"]
[Source "FV Schach e.V."]
[SourceDate "2019.09.09"]
[SourceVersion "4"]
[SourceVersionDate "2019.10.16"]
[SourceQuality "1"]
[WhiteTeam "Commerzbank Frankfurt"]
[BlackTeam "Deutsche Bahn Oberhausen"]
[WhiteTeamCountry "GER"]
[BlackTeamCountry "GER"]

1. Nf3 Nf6 2. g3 g6 3. Bg2 Bg7 4. O-O O-O 5. c4 c6 6. d4 d5 7. Nbd2 Ne4 8. e3
Bg4 9. h3 Bxf3 10. Bxf3 Qd7 11. Nxe4 dxe4 12. Bxe4 Qxh3 13. b3 Na6 14. Bb2 Rad8
15. Qc2 Qc8 16. Rfd1 h5 17. Kg2 Nc7 18. f4 e6 19. Bf3 f5 20. e4 h4 21. e5 hxg3
22. Ba3 Bh6 23. Kxg3 g5 24. Qh2 Rf7 25. fxg5 Rh7 26. gxh6 Kh8 27. Bd6 Rg8+ 28.
Kf2 Rg6 29. Rh1 Ne8 30. Rag1 Rxg1 31. Qxg1 Nxd6 32. exd6 Qd8 33. Qg6 e5 34.
dxe5 Qb6+ 35. Kf1 1-0

[Event "XIX. DBMM Schach"]
[Site "Billerbeck"]
[Date "2019.09.06"]
[Round "3.2"]
[White "Engling, Dirk"]
[Black "Heuermann, Heinz Burkhard"]
[Result "0-1"]
[WhiteElo "1662"]
[BlackElo "1982"]
[Annotator "br"]
[PlyCount "46"]
[EventDate "2019.09.??"]
[EventType "team-swiss"]
[EventRounds "7"]
[EventCountry "GER"]
[SourceTitle "XIX. DBMM 2019"]
[Source "FV Schach e.V."]
[SourceDate "2019.09.09"]
[SourceVersion "4"]
[SourceVersionDate "2019.10.16"]
[SourceQuality "1"]
[WhiteTeam "Deutsche Bahn Oberhausen"]
[BlackTeam "Commerzbank Frankfurt"]
[WhiteTeamCountry "GER"]
[BlackTeamCountry "GER"]

1. e4 d6 2. d4 g6 3. Nc3 Bg7 4. Bc4 Nf6 5. Nge2 O-O 6. f3 c6 7. Be3 d5 8. Bd3
dxe4 9. fxe4 Ng4 10. Qd2 Nxe3 11. Qxe3 Qb6 12. O-O-O Be6 13. Kb1 Rd8 14. e5 Na6
15. Be4 Bxe5 16. Bxg6 hxg6 17. Qxe5 Nb4 18. Nf4 Bf5 19. Rd2 Rd7 20. h4 Rad8 21.
h5 f6 22. Qe3 Rxd4 23. Na4 Nxc2 0-1

[Event "XIX. DBMM Schach"]
[Site "Billerbeck"]
[Date "2019.09.06"]
[Round "3.3"]
[White "Brauer, Frank"]
[Black "Holdsch, Peter Michael"]
[Result "1/2-1/2"]
[WhiteElo "1797"]
[BlackElo "1634"]
[Annotator "fb"]
[PlyCount "66"]
[EventDate "2019.09.??"]
[EventType "team-swiss"]
[EventRounds "7"]
[EventCountry "GER"]
[SourceTitle "XIX. DBMM 2019"]
[Source "FV Schach e.V."]
[SourceDate "2019.09.09"]
[SourceVersion "4"]
[SourceVersionDate "2019.10.16"]
[SourceQuality "1"]
[WhiteTeam "Commerzbank Frankfurt"]
[BlackTeam "Deutsche Bahn Oberhausen"]
[WhiteTeamCountry "GER"]
[BlackTeamCountry "GER"]

1. e4 c6 2. d4 d5 3. exd5 cxd5 4. c4 Nf6 5. Nc3 e6 6. Nf3 Nc6 7. Be2 h6 8. O-O
Bd6 9. c5 Bc7 10. Bb5 Bd7 11. Re1 O-O 12. a3 Re8 13. b4 a6 14. Bxc6 bxc6 15.
Ne5 a5 16. Bb2 Rb8 17. Qa4 Bxe5 18. Rxe5 Qc7 19. h3 Nh7 20. Re2 Ra8 21. Qd1 Bc8
22. Na4 Ba6 23. Re1 axb4 24. Nb6 Ra7 25. axb4 Bb5 26. Qb3 Nf6 27. Rxa7 Qxa7 28.
Ra1 Qb7 29. Ra5 Nd7 30. Nxd7 Qxd7 31. Qa3 Re7 32. Qg3 Qc7 33. Qb3 Kh7 1/2-1/2

[Event "XIX. DBMM Schach"]
[Site "Billerbeck"]
[Date "2019.09.06"]
[Round "3.4"]
[White "Grunwald, Guenther"]
[Black "Huebner, Detlef"]
[Result "0-1"]
[WhiteElo "1619"]
[BlackElo "1494"]
[Annotator "br"]
[PlyCount "82"]
[EventDate "2019.09.??"]
[EventType "team-swiss"]
[EventRounds "7"]
[EventCountry "GER"]
[SourceTitle "XIX. DBMM 2019"]
[Source "FV Schach e.V."]
[SourceDate "2019.09.09"]
[SourceVersion "4"]
[SourceVersionDate "2019.10.16"]
[SourceQuality "1"]
[WhiteTeam "Deutsche Bahn Oberhausen"]
[BlackTeam "Commerzbank Frankfurt"]
[WhiteTeamCountry "GER"]
[BlackTeamCountry "GER"]

1. e4 c6 2. d4 d5 3. e5 Bf5 4. Nf3 e6 5. Be2 Nd7 6. O-O c5 7. c3 Ne7 8. Be3 Nc6
9. a3 Be7 10. b4 c4 11. Nfd2 O-O 12. g4 Bg6 13. f4 f5 14. h3 h6 15. Kh2 Kf7 16.
gxf5 Bxf5 17. Bg4 g6 18. Bxf5 exf5 19. Qf3 Nb6 20. Bf2 Ke6 21. a4 a5 22. b5 Nb8
23. Rg1 Rg8 24. Nf1 N8d7 25. Ne3 Bh4 26. Bxh4 Qxh4 27. Ng2 Qe7 28. Nd2 Rg7 29.
Ne3 Rd8 30. Ndxc4 dxc4 31. d5+ Kf7 32. e6+ Kg8 33. Nxf5 gxf5 34. Rxg7+ Kxg7 35.
Rg1+ Kh7 36. Qg3 Qf6 37. exd7 Nxd7 38. Rg2 Nc5 39. d6 Ne4 40. Qe3 Qxd6 41. Qa7
Qxf4+ 0-1

[Event "XIX. DBMM Schach"]
[Site "Billerbeck"]
[Date "2019.09.06"]
[Round "3.1"]
[White "Hartmann, Jens"]
[Black "Bollmann, Laslo"]
[Result "1/2-1/2"]
[WhiteElo "1799"]
[BlackElo "1848"]
[Annotator "br"]
[PlyCount "40"]
[EventDate "2019.09.??"]
[EventType "team-swiss"]
[EventRounds "7"]
[EventCountry "GER"]
[SourceTitle "XIX. DBMM 2019"]
[Source "FV Schach e.V."]
[SourceDate "2019.09.09"]
[SourceVersion "4"]
[SourceVersionDate "2019.10.16"]
[SourceQuality "1"]
[WhiteTeam "Baubehoerde Hamburg II"]
[BlackTeam "AGI Frankfurt II"]
[WhiteTeamCountry "GER"]
[BlackTeamCountry "GER"]

1. e4 e6 2. d4 d5 3. exd5 exd5 4. Bd3 Nc6 5. Ne2 Bd6 6. O-O Nf6 7. Ng3 O-O 8.
Bg5 h6 9. Be3 Ng4 10. Qf3 Qh4 11. h3 Nxe3 12. Qxe3 Nxd4 13. c3 Nc6 14. Bc2 g6
15. Qd3 Be6 16. Nd2 Rae8 17. Nf3 Qd8 18. Bb3 Ne5 19. Nxe5 Bxe5 20. f4 Bg7
1/2-1/2

[Event "XIX. DBMM Schach"]
[Site "Billerbeck"]
[Date "2019.09.06"]
[Round "3.4"]
[White "Hoffmann, Frank"]
[Black "Hein, Andrea"]
[Result "1-0"]
[WhiteElo "1494"]
[BlackElo "1457"]
[Annotator "br"]
[PlyCount "111"]
[EventDate "2019.09.??"]
[EventType "team-swiss"]
[EventRounds "7"]
[EventCountry "GER"]
[SourceTitle "XIX. DBMM 2019"]
[Source "FV Schach e.V."]
[SourceDate "2019.09.09"]
[SourceVersion "4"]
[SourceVersionDate "2019.10.16"]
[SourceQuality "1"]
[WhiteTeam "AGI Frankfurt II"]
[BlackTeam "Baubehoerde Hamburg II"]
[WhiteTeamCountry "GER"]
[BlackTeamCountry "GER"]

1. e4 e5 2. Nf3 Nc6 3. Bc4 h6 4. c3 d6 5. Bb3 Nf6 6. Bc2 Be7 7. O-O O-O 8. d4
exd4 9. Nxd4 Bd7 10. h3 Re8 11. Re1 a6 12. Nd2 Rb8 13. N2f3 Ne5 14. b3 c5 15.
Nxe5 cxd4 16. Nxd7 Qxd7 17. Qxd4 Qc6 18. Bb2 Qc5 $11 19. c4 Qxd4 20. Bxd4 Rbc8
21. Rac1 Kf8 22. Bd3 Nd7 23. f3 Nc5 24. Bf1 Ne6 25. Bb2 Red8 26. Red1 Rd7 27.
Rc2 Rcd8 28. Rcd2 Ke8 29. g3 f6 30. Kf2 Ng5 31. h4 Nf7 32. f4 g5 33. hxg5 hxg5
34. Bd4 Nh6 35. Kf3 gxf4 36. Kxf4 Nf7 37. Bh3 f5 38. Kxf5 Bg5 39. Rd3 Re7 40.
Bb6 Re5+ 41. Kg6 Nh8+ 42. Kg7 Re7+ 43. Kg8 Ra8 $11 44. Rxd6 Nf7 45. Bd7+ Rxd7
46. Rxd7 Nh6+ 47. Kg7 Ng4 48. Rxb7 Bf6+ 49. Kg6 Be7 50. Rh1 Ne5+ 51. Kg7 Bf8+
52. Kf6 Nd7+ 53. Kf5 Nxb6 54. Rxb6 Kd7 55. Rh8 Kc7 56. Rf6 1-0

[Event "XIX. DBMM Schach"]
[Site "Billerbeck"]
[Date "2019.09.06"]
[Round "4.1"]
[White "Hoffmann, Hendrik"]
[Black "Schramm, Christian"]
[Result "1/2-1/2"]
[WhiteElo "2274"]
[BlackElo "2361"]
[Annotator "dgt"]
[PlyCount "28"]
[EventDate "2019.09.??"]
[EventType "team-swiss"]
[EventRounds "7"]
[EventCountry "GER"]
[SourceTitle "XIX. DBMM 2019"]
[Source "FV Schach e.V."]
[SourceDate "2019.09.09"]
[SourceVersion "4"]
[SourceVersionDate "2019.10.16"]
[SourceQuality "1"]
[WhiteTeam "le-tex Publishing Services Leipzig"]
[BlackTeam "AGI Frankfurt"]
[WhiteTeamCountry "GER"]
[BlackTeamCountry "GER"]

1. e4 c6 2. d4 g6 3. Nc3 d5 4. h3 dxe4 5. Nxe4 Bg7 6. Nf3 Nf6 7. Bd3 Nxe4 8.
Bxe4 Bf5 9. Bxf5 Qa5+ 10. c3 Qxf5 11. O-O O-O 12. Qb3 Qb5 13. Bf4 Re8 14. Rfe1
Nd7 1/2-1/2

[Event "XIX. DBMM Schach"]
[Site "Billerbeck"]
[Date "2019.09.06"]
[Round "4.2"]
[White "Rietze, Clemens"]
[Black "Heinrich, Thomas"]
[Result "1/2-1/2"]
[WhiteElo "2279"]
[BlackElo "2172"]
[Annotator "dgt"]
[PlyCount "75"]
[EventDate "2019.09.??"]
[EventType "team-swiss"]
[EventRounds "7"]
[EventCountry "GER"]
[SourceTitle "XIX. DBMM 2019"]
[Source "FV Schach e.V."]
[SourceDate "2019.09.09"]
[SourceVersion "4"]
[SourceVersionDate "2019.10.16"]
[SourceQuality "1"]
[WhiteTeam "AGI Frankfurt"]
[BlackTeam "le-tex Publishing Services Leipzig"]
[WhiteTeamCountry "GER"]
[BlackTeamCountry "GER"]

1. d4 Nf6 2. c4 g6 3. Nc3 Bg7 4. e4 d6 5. f3 O-O 6. Be3 e5 7. d5 c5 8. Bd3 Na6
9. Nge2 Nc7 10. a3 Nfe8 11. Qd2 Bd7 12. O-O Qe7 13. b4 b6 14. Rae1 Kh8 15. g3
Nf6 16. Bc2 Qe8 17. Kh1 Ng8 18. Nc1 f6 19. Nd3 Rf7 20. Nf2 Qf8 21. Kg2 Re8 22.
Nd3 Bh6 23. f4 Qg7 24. Rb1 Bc8 25. Kh1 Ba6 26. Bb3 Ref8 27. f5 Ne8 28. Nd1 Rc7
29. Rc1 Bc8 30. g4 Bxe3 31. Nxe3 Qh6 32. Rf3 gxf5 33. gxf5 Rff7 34. Rg1 Rg7 35.
Rfg3 Rxg3 36. Rxg3 Rg7 37. Nf1 Bd7 38. Qd1 1/2-1/2

[Event "XIX. DBMM Schach"]
[Site "Billerbeck"]
[Date "2019.09.06"]
[Round "4.3"]
[White "Rohne, Lars"]
[Black "Guth, Thomas"]
[Result "0-1"]
[WhiteElo "2123"]
[BlackElo "2277"]
[Annotator "dgt"]
[PlyCount "108"]
[EventDate "2019.09.??"]
[EventType "team-swiss"]
[EventRounds "7"]
[EventCountry "GER"]
[SourceTitle "XIX. DBMM 2019"]
[Source "FV Schach e.V."]
[SourceDate "2019.09.09"]
[SourceVersion "4"]
[SourceVersionDate "2019.10.16"]
[SourceQuality "1"]
[WhiteTeam "le-tex Publishing Services Leipzig"]
[BlackTeam "AGI Frankfurt"]
[WhiteTeamCountry "GER"]
[BlackTeamCountry "GER"]

1. e4 e6 2. d4 d5 3. Nd2 Nf6 4. e5 Nfd7 5. Bd3 c5 6. c3 Nc6 7. Ndf3 cxd4 8.
cxd4 f6 9. exf6 Nxf6 10. Ne2 Bd6 11. O-O Qc7 12. Bg5 O-O 13. Rc1 Bd7 14. Qc2
Be8 15. Ng3 h6 16. Bd2 Nh5 17. b4 Qb6 18. Bc3 Rxf3 19. gxf3 Nxd4 20. Qd1 Nc6
21. Bb1 Nf4 22. Ne2 Qd8 23. b5 Qg5+ 24. Ng3 Ne5 25. Kh1 Nh3 26. Qe2 Qf4 27.
Bxe5 Bxe5 28. Rfe1 Bxb5 29. Qe3 Qxe3 30. fxe3 Nf2+ 31. Kg2 Nd3 32. Bxd3 Bxd3
33. Red1 Bc4 34. f4 Bf6 35. Rd2 b5 36. Kf3 b4 37. Rg2 Kf7 38. e4 Bc3 39. e5 d4
40. Ne4 Bd5 41. Rcg1 Rg8 42. Rd1 a5 43. Re2 a4 44. Kf2 Bxe4 45. Rxe4 b3 46.
axb3 axb3 47. Ke2 Ra8 48. Kd3 Ra2 49. Re2 Kg6 50. Rb1 Rxe2 51. Kxe2 b2 52. Kf3
Kf5 53. h4 g6 54. Rd1 Bd2 0-1